00766nam a2200217 i 450000100060000000300090000600500170001500700030003200800410003510000190007624501170009526000480021230000200026049000340028050500870031465000180040165000280041970000330044783000340048085200340051455644ES-MaACL20250831023854.0t|030924m19661967sp ||||1| spa d1 aDesqueyrat, A.10aDoctrina política de la Iglesia / cA. Desqueyrat ; traducción y adaptación de Enrique Melón Martínez. aBilbao : bDesclée de Brouwer, c1966-67. a2 v. ; c22 cm.1 aColeccion Veritas et Justitia8 aContiene: T. I: El Estado. -- T. II: La Iglesia y el Estado / Desqueyrat y Halbecq07aEstado2embne07aIglesia y Estado2embne1 aMelón Martínez, Enrique.0 aColeccion Veritas et Justitia aES-MaACLjG-4134-35 bR.58334